LEADER 01717cam0-22004331i-450- 001 990000210120403321 005 20070226130158.0 035 $a000021012 035 $aFED01000021012 035 $a(Aleph)000021012FED01 035 $a000021012 100 $a20020821g18701878km-y0itay50------ba 101 0 $ager 102 $aDE 105 $aaf------001yy 200 1 $aAtlas zu dem Handbuch für specielle Eisenbahn-Technik$eunter Mitwirkung von Fachgenossen$fherausgegeben von Edmund Heusinger von Waldegg 205 $a3. verbesserte Auf. 210 $aLeipzig$cVerlag von Wilhelm Engelmann$d1870-1878 215 $a5 v.$cill.$d28 cm 307 $a1.: LVI c. di tav. ripieg. : ill. ; 2.: VIII p., 47 tav. ; 3.: LVIII c. di tav. ripieg. ; 4.: VIII p., XLVII c. di tav. ripieg. ; 5.: XIV p., 99 tav. 327 1 $a1.: Der Eisenbahnbau. - 1873$a2.: Der Eisenbahn-Wagenbau. - 1870$a3.:_Der Locomotivbau. - 1875$a4.: Technik des Betriebes. - 1875$a5.: Bau und Betrieb der Secundar- und Tertiabahnen, einschliesslich der schwebenden Draht- und Seilbahnen. - 1878 610 0 $aVagoni ferroviari$aCostruzione 610 0 $aLocomotive$aCostruzione 610 0 $aFerrovie$aCostruzione 676 $a625.1 676 $a625.2 676 $a625.26 702 1$aHeusinger von Waldegg,$bEdmund 801 0$aIT$bUNINA$gRICA$2UNIMARC 901 $aBK 912 $a990000210120403321 952 $a13 AR 17 D 34$b2885$fFINBC 952 $a13 AR 17 D 35$b2886$fFINBC 952 $a13 AR 17 D 36$b2887$fFINBC 952 $a13 AR 17 D 37$b2888$fFINBC 952 $a13 AR 17 D 38$b2889$fFINBC 959 $aFINBC 996 $aAtlas zu dem Handbuch für specielle Eisenbahn-Technik$9123416 997 $aUNINA LEADER 01623nam0 22003493i 450 001 VAN0239042 005 20221003093146.476 017 70$2N$a9783030340469 100 $a20220203d2020 |0itac50 ba 101 $aeng 102 $aCH 105 $a|||| ||||| 200 1 $aPathways to Demographic Adaptation$ePerspectives on Policy and Planning in Depopulating Areas in Northern Europe$fJosefina Syssner 210 $aCham$cSpringer$d2020 215 $aX, 93 p.$cill.$d24 cm 410 1$1001VAN0236807$12001 $aSpringerBriefs in Geography$1210 $aCham$cSpringer$d2012- 620 $aCH$dCham$3VANL001889 676 $a711$cUrbanistica (Pianificazione territoriale)$v22 676 $a304.2$cAntropologia ecologica. Geografia umana$v22 676 $a910$cGeografia generale$v22 676 $a330.9$cGeografia economica$v22 676 $a304.06$cDemografia$v22 700 1$aSyssner$bJosefina$3VANV195985$0922589 712 $aSpringer $3VANV108073$4650 801 $aIT$bSOL$c20240614$gRICA 856 4 $uhttps://link.springer.com/book/10.1007/978-3-030-34046-9$zE-book - Accesso al full-text attraverso riconoscimento IP di Ateneo, proxy e/o Shibboleth 899 $aBIBLIOTECA DEL DIPARTIMENTO DI SCIENZE E TECNOLOGIE AMBIENTALI BIOLOGICHE E FARMACEUTICHE$1IT-CE0101$2VAN17 912 $fN 912 $aVAN0239042 950 $aBIBLIOTECA DEL DIPARTIMENTO DI SCIENZE E TECNOLOGIE AMBIENTALI BIOLOGICHE E FARMACEUTICHE$d17CONS e-book 2223 $e17BIB2223/315 315 20220203 996 $aPathways to Demographic Adaptation$92070184 997 $aUNICAMPANIA